<?xml version="1.0" encoding="UTF-8"?>
<record
    xmlns:xsi="http://www.w3.org/2001/XMLSchema-instance"
    xsi:schemaLocation="http://www.loc.gov/MARC21/slim http://www.loc.gov/standards/marcxml/schema/MARC21slim.xsd"
    xmlns="http://www.loc.gov/MARC21/slim">

  <leader>00608nam a22001817a 4500</leader>
  <datafield tag="999" ind1=" " ind2=" ">
    <subfield code="c">524416</subfield>
    <subfield code="d">524416</subfield>
  </datafield>
  <controlfield tag="003">NUST</controlfield>
  <datafield tag="038" ind1=" " ind2=" ">
    <subfield code="a">Waseem</subfield>
  </datafield>
  <datafield tag="082" ind1=" " ind2=" ">
    <subfield code="a">891.43909</subfield>
    <subfield code="b">JAF</subfield>
  </datafield>
  <datafield tag="100" ind1=" " ind2=" ">
    <subfield code="a">Jafri, Syed Hussain Muhammad</subfield>
    <subfield code="9">15238</subfield>
  </datafield>
  <datafield tag="245" ind1=" " ind2=" ">
    <subfield code="a">Pakistani Mashra aur Adab /</subfield>
    <subfield code="c">Syed hussain Muhammad Jafri</subfield>
  </datafield>
  <datafield tag="260" ind1=" " ind2=" ">
    <subfield code="a">Karachi :</subfield>
    <subfield code="b">Pakistan Study Center,</subfield>
    <subfield code="c">1987.</subfield>
  </datafield>
  <datafield tag="300" ind1=" " ind2=" ">
    <subfield code="a">242 p. ;</subfield>
  </datafield>
  <datafield tag="500" ind1=" " ind2=" ">
    <subfield code="a">Hard cover.</subfield>
  </datafield>
  <datafield tag="880" ind1=" " ind2=" ">
    <subfield code="6">100-01\r</subfield>
    <subfield code="a">&#x633;&#x6CC;&#x62F; &#x62D;&#x633;&#x6CC;&#x646; &#x645;&#x62D;&#x645;&#x62F; &#x62C;&#x639;&#x641;&#x631;&#x6CC;</subfield>
  </datafield>
  <datafield tag="880" ind1=" " ind2=" ">
    <subfield code="6">245-02\r</subfield>
    <subfield code="a">&#x67E;&#x627;&#x6A9;&#x633;&#x62A;&#x627;&#x646;&#x6CC; &#x645;&#x639;&#x627;&#x634;&#x631;&#x6C1; &#x627;&#x648;&#x631; &#x627;&#x62F;&#x628; /</subfield>
  </datafield>
  <datafield tag="880" ind1=" " ind2=" ">
    <subfield code="6">260-03\r</subfield>
    <subfield code="a">&#x6A9;&#x631;&#x627;&#x686;&#x6CC; :</subfield>
    <subfield code="b">&#x67E;&#x627;&#x6A9;&#x633;&#x62A;&#x627;&#x646; &#x627;&#x633;&#x679;&#x688;&#x6CC; &#x633;&#x646;&#x679;&#x631;,</subfield>
    <subfield code="c">&#x6F1;&#x6F9;&#x6F8;&#x6F7;.</subfield>
  </datafield>
  <datafield tag="942" ind1=" " ind2=" ">
    <subfield code="2">ddc</subfield>
    <subfield code="c">BK</subfield>
  </datafield>
  <datafield tag="952" ind1=" " ind2=" ">
    <subfield code="0">0</subfield>
    <subfield code="1">0</subfield>
    <subfield code="2">ddc</subfield>
    <subfield code="4">0</subfield>
    <subfield code="7">0</subfield>
    <subfield code="a">CL</subfield>
    <subfield code="b">CL</subfield>
    <subfield code="d">2019-06-21</subfield>
    <subfield code="l">0</subfield>
    <subfield code="o">891.43909 JAF</subfield>
    <subfield code="p">CL-E-2126</subfield>
    <subfield code="r">2019-06-21</subfield>
    <subfield code="w">2019-06-21</subfield>
    <subfield code="y">BK</subfield>
  </datafield>
</record>
